000 nam a22 7a 4500
999 _c9791
_d9791
008 180208b ||||| |||| 00| 0 eng d
100 _aJain, S
_95887
245 _aCommon Diseases
260 _aNew Delhi
_bFarsight Publication
_c2010